El dibujo en perspectiva cónica /

Guardado en:
Detalles Bibliográficos
Autor principal: Giménez Morell, Roberto V. (autor)
Otros autores: Vidal Alamar, María Dolores (autor) (autor)
Formato: Libro
Idioma:Español
Publicado: Valencia, España : Universidad Politécnica de Valencia, 1994, c1994
Temas:
Etiquetas: Agrega una etiqueta
Sin etiquetas, Sé el primero en etiquetar este registro!

MARC

LEADER 00000nam^a2200000^a^4500
001 000052566
005 20250521000000.0
009 20260310090402.079
020 |a 84-7721-246-5 
037 |a Acervo ITESO - Biblioteca 
041 |a ESP 
082 |a 604. 245  |b GIM V.1 
100 |a Giménez Morell, Roberto V.  |e (autor) 
245 1 3 |a El dibujo en perspectiva cónica /  |c R.V. Giménez Morell, M. Dolores Vidal Alamar. 
264 4 |a Valencia, España :  |b Universidad Politécnica de Valencia,  |c 1994, c1994 
300 |a 330 p. 
336 |a texto  |b txt  |2 rdacontenido 
337 |a sin mediación  |b n  |2 rdamedio 
338 |a volumen  |b nc  |2 rdasoporte 
649 |a XX 
650 |a Dibujo Técnico -  |x Tema Principal 
650 |a Geometría Proyectiva 
650 |a Matemáticas 
650 |a Diseño Industrial 
650 |a Diseño Arquitectónico 
650 |a Diseño 
700 |a Vidal Alamar, María Dolores  |e (autor) 
910 |a Fondo General 
920 |a Impresos - Libros 
930 |a Colección General 
905 |a 101 
901 |a 0500010243  |b IT1  |c ACC  |u 20250521 
902 |a https://opac.biblio.iteso.mx/vufind/Record/000052566